000 00295nam a22001217a 4500
008 180518b xxu||||| |||| 00| 0 eng d
041 _aeng
080 _a043.3
100 _a0
101 _aMEK-BTH
245 _aMirëmbajtja e pajisjeve transportues te thëngjillit
_cPaci, F
942 _2udc
_cBK
999 _c45963
_d45963